Migración, urbanización y marginalidad /

Salvato in:
Dettagli Bibliografici
Autore principale: Cardona, Ramiro
Natura: testo
Tags: Aggiungi Tag
Nessun Tag, puoi essere il primo ad aggiungerne!!

MARC

LEADER 00000 a a2200000 04500
001 43565
003
040
100 |a Cardona, Ramiro  
245 |a Migración, urbanización y marginalidad /  |c Ramiro Cardona  
773 |g páginas 515-548 : tablas, gráficos  
999 |c 25466  |d 25466